| 000 | 01348cam a2200337 4500 | ||
|---|---|---|---|
| 008 | 010828n2001 000 0 eng u | ||
| 020 | _a0117536199 | ||
| 035 | _a(Sirsi) u114342 | ||
| 050 | _a711.1 | ||
| 110 |
_aDepartment for Transport, Local Government and the Regions _94091 |
||
| 245 | _aPPG 8 Telecommunications | ||
| 250 | _aRevised ed. | ||
| 260 |
_aLondon _bStationery Office _c2001 |
||
| 300 |
_a40p. _c30cm. |
||
| 350 | _a8.00 | ||
| 490 |
_aPPG _v8 |
||
| 520 | _aThis PPG has been updated to take into account changes in permitted development rights and the developments in, growth of and concerns about the telecommunications industry. Supersedes PPG 8 (1992) (ISBN 0117527475) and DETR Circular 4/99 "Planning for telecommunications" (ISBN 0117535028). | ||
| 650 | _aDEVELOPMENT CONTROL | ||
| 650 | _aMASTS | ||
| 650 | _aMOBILE PHONE MASTS | ||
| 650 | _aPERMITTED DEVELOPMENT RIGHTS | ||
| 650 | _aPLANNING CONTROL | ||
| 650 | _aPLANNING POLICY GUIDANCE NOTES | ||
| 650 | _aPPG8 | ||
| 650 | _aPPGS | ||
| 650 | _aTELECOMMUNICATIONS | ||
| 650 | _aTELECOMMUNICATIONS MASTS | ||
| 690 | _aENVIRONMENTAL AND LAND CONSULTANCY-PLANNING AND DEVELOPMENT | ||
| 856 |
_uhttps://www.communities.gov.uk/documents/planningandbuilding/pdf/1705360.pdf _zView the item free of charge at www.communities.gov.uk |
||
| 942 | _n0 | ||
| 999 |
_c101616 _d101616 |
||